| 000 | 00478nam a2200181Ia 4500 | ||
|---|---|---|---|
| 005 | 20251020182611.0 | ||
| 008 | 200515s9999 xx 000 0 und d | ||
| 082 | _aSC/669.18/A49 | ||
| 110 | _aAmerican Society for Testing and Materials | ||
| 245 | 0 | _aIron and Steel Products : Steel-Structural, Reinforcing, Pressure Vessel, Railway | |
| 260 | _aPhiladelphia | ||
| 260 | _c1995 | ||
| 300 | _a590 | ||
| 650 | _aACERO | ||
| 650 | _aASTM | ||
| 650 | _aNORMAS | ||
| 942 | _cLIB | ||
| 999 |
_c3361 _d3361 |
||